[Event "Isle of Man Open"]
[Site "Douglas"]
[Date "23.10.2018"]
[Round "4.41"]
[White "Kaidanov, Gregory"]
[Black "Eggleston, David J"]
[Result "1-0"]
[WhiteTitle "GM"]
[BlackTitle "IM"]
[WhiteElo "2544"]
[BlackElo "2406"]
[WhiteFideId "2008564"]
[BlackFideId "412120"]
[EventDate "2018.10.20"]

1. Nf3 Nf6 2. g3 e6 3. Bg2 d5 4. O-O Be7 5. c4 O-O 6. b3 c5 7. cxd5 exd5 8. d4
Nc6 9. Bb2 Ne4 10. dxc5 Bxc5 11. e3 Qb6 12. Qc1 Be6 13. Nc3 Be7 14. Nxe4 dxe4
15. Nd4 Bd5 16. Nf5 f6 17. Rd1 Be6 18. Bxe4 Bc5 19. Bd5 Bf7 20. Qc4 Ne5 21. Bxe5
fxe5 22. Rac1 Qf6 23. Bxf7+ Rxf7 24. Rd7 b6 25. e4 a5 26. Rcd1 Rf8 27. Rxf7 Qxf7
28. Qxf7+ Rxf7 29. Rd8+ Bf8 30. Ne3 b5 31. Rd5 a4 32. Rxb5 a3 33. Rxe5 g6 34.
Kf1 Rb7 35. Ke2 Bb4 36. Nd5 Bd6 37. Re6 Bc5 38. Rc6 Bf8 39. Rc7 1-0

[Event "Isle of Man Open"]
[Site "Douglas"]
[Date "23.10.2018"]
[Round "4.42"]
[White "Lomasov, Semyon"]
[Black "Tania, Sachdev"]
[Result "1-0"]
[WhiteTitle "IM"]
[BlackTitle "IM"]
[WhiteElo "2540"]
[BlackElo "2400"]
[WhiteFideId "24164879"]
[BlackFideId "5007844"]
[EventDate "2018.10.20"]

1. e4 e6 2. d4 d5 3. Bd3 dxe4 4. Bxe4 Nf6 5. Bf3 c5 6. Ne2 Nc6 7. Be3 e5 8.
Bxc6+ bxc6 9. dxe5 Qxd1+ 10. Kxd1 Ng4 11. Nd2 Nxe5 12. Re1 Ba6 13. Bf4 Nc4 14.
Ng3+ Kd7 15. b3 Nxd2 16. Kxd2 Rd8 17. c4 g6 18. Bg5 Re8 19. Rxe8 Kxe8 20. Bf6
Rg8 21. Kc3 Kd7 22. Rd1+ Ke6 23. Ne4 Kf5 24. f3 Bh6 25. Rd7 Bc8 26. Rxf7 Rf8 27.
g4+ Kf4 28. Bg5+ Ke5 29. Re7+ Be6 30. Bxh6 1-0

[Event "Isle of Man Open"]
[Site "Douglas"]
[Date "23.10.2018"]
[Round "4.43"]
[White "Paehtz, Elisabeth"]
[Black "Jackson, James P"]
[Result "1/2-1/2"]
[WhiteTitle "IM"]
[BlackTitle "FM"]
[WhiteElo "2513"]
[BlackElo "2371"]
[WhiteFideId "4641833"]
[BlackFideId "416860"]
[EventDate "2018.10.20"]

1. d4 d5 2. Bf4 Nf6 3. e3 e6 4. Nd2 Bd6 5. Bg3 O-O 6. c3 b6 7. Ngf3 c5 8. Bd3
Ba6 9. Bxa6 Nxa6 10. Qe2 Nb8 11. Ne5 Qc7 12. O-O Nc6 13. f4 Ne7 14. Bh4 Ne4 15.
Nxe4 dxe4 16. Bxe7 Qxe7 17. Rad1 Rac8 18. Nc4 Rfd8 19. d5 Bc7 20. dxe6 Qxe6 21.
a4 Rd7 22. f5 Qh6 23. Qg4 Qxh2+ 24. Kf2 Rxd1 25. Rxd1 Re8 26. Rd7 Kf8 27. Qg5 h6
28. Qg4 h5 29. Qh3 Qxh3 30. gxh3 Re7 31. Rd5 g6 32. a5 Ke8 33. axb6 axb6 34. Nd2
Re5 35. Rxe5+ Bxe5 36. Nxe4 Ke7 37. fxg6 1/2-1/2

[Event "Isle of Man Open"]
[Site "Douglas"]
[Date "23.10.2018"]
[Round "4.44"]
[White "Kobo, Ori"]
[Black "Lubbe, Melanie"]
[Result "1-0"]
[WhiteTitle "GM"]
[BlackTitle "WGM"]
[WhiteElo "2505"]
[BlackElo "2359"]
[WhiteFideId "2812320"]
[BlackFideId "4690745"]
[EventDate "2018.10.20"]

1. d4 d6 2. Nf3 Bg4 3. e4 Nf6 4. Nc3 c6 5. h3 Bxf3 6. Qxf3 e5 7. Be3 Nbd7 8. g4
h6 9. O-O-O Qc7 10. h4 exd4 11. Bxd4 Ne5 12. Qg3 Nexg4 13. Bh3 h5 14. Rhe1 Be7
15. f3 Ne5 16. Qxg7 Rg8 17. Qh6 Rg6 18. Qf4 Bf8 19. Kb1 Bh6 20. Qf5 Kf8 21. Rg1
Qe7 22. f4 Neg4 23. e5 Ne8 24. exd6 Qxh4 25. Bxg4 hxg4 26. d7 Ng7 27. Qc5+ Kg8
28. Rh1 Qd8 29. f5 b6 30. Qe5 1-0

[Event "Isle of Man Open"]
[Site "Douglas"]
[Date "23.10.2018"]
[Round "4.45"]
[White "Swapnil, S. Dhopade"]
[Black "Rapport, Jovana"]
[Result "1-0"]
[WhiteTitle "GM"]
[BlackTitle "WGM"]
[WhiteElo "2493"]
[BlackElo "2350"]
[WhiteFideId "5019184"]
[BlackFideId "937266"]
[EventDate "2018.10.20"]

1. d4 e6 2. c4 b6 3. a3 Nf6 4. Nc3 Bb7 5. Bf4 d6 6. d5 Nbd7 7. e4 Nc5 8. f3 e5
9. Be3 Be7 10. b4 Ncd7 11. Bd3 O-O 12. Nh3 Nh5 13. O-O g6 14. Bh6 Ng7 15. Qd2 f6
16. Bc2 Rf7 17. Ba4 Ba6 18. Bb5 Bc8 19. Bc6 Rb8 20. Nb5 Nf8 21. Nxa7 Bxh3 22.
gxh3 g5 23. a4 Ng6 24. a5 Nh5 25. a6 Nhf4 26. Nb5 Nxh3+ 27. Kh1 Bf8 28. a7 Ra8
29. Bxf8 Rxf8 30. c5 Kf7 31. cxb6 cxb6 32. Bxa8 Qxa8 33. Qc2 1-0

[Event "Isle of Man Open"]
[Site "Douglas"]
[Date "23.10.2018"]
[Round "4.46"]
[White "Keymer, Vincent"]
[Black "Arakhamia-Grant, Ketevan"]
[Result "1-0"]
[WhiteTitle "IM"]
[BlackTitle "GM"]
[WhiteElo "2491"]
[BlackElo "2345"]
[WhiteFideId "12940690"]
[BlackFideId "13600168"]
[EventDate "2018.10.20"]

1. d4 Nf6 2. c4 g6 3. g3 c6 4. Bg2 d5 5. Nf3 Bg7 6. O-O dxc4 7. a4 Ne4 8. Qc2
Nd6 9. e4 Na6 10. Na3 Be6 11. Bd2 O-O 12. Bc3 Nc7 13. Qe2 Qc8 14. Rfd1 Rd8 15.
Ne5 f6 16. Nexc4 Nf7 17. Ne3 Bb3 18. Nac2 e5 19. Rd2 Bh6 20. Rd3 Ne6 21. dxe5
fxe5 22. Ba5 Rxd3 23. Qxd3 Nc5 24. Qc3 b6 25. Bb4 Bxa4 26. Bxc5 Bxc2 27. Qxc2
bxc5 28. Nc4 Qc7 29. Bh3 Re8 30. Ra6 Bf8 31. Qa4 Ng5 32. Bg2 Ne6 33. Rxa7 Qb8
34. Qxc6 Qxa7 35. Qxe8 Qa1+ 36. Bf1 Ng5 37. Nd2 Qe1 38. h4 Nh3+ 39. Kg2 Qxf2+
40. Kxh3 Qxd2 41. Bc4+ Kg7 42. Qf7+ 1-0

[Event "Isle of Man Open"]
[Site "Douglas"]
[Date "23.10.2018"]
[Round "4.47"]
[White "Batsiashvili, Nino"]
[Black "Paterek, Michal"]
[Result "1/2-1/2"]
[WhiteTitle "GM"]
[BlackTitle "FM"]
[WhiteElo "2482"]
[BlackElo "2311"]
[WhiteFideId "13602993"]
[BlackFideId "1116142"]
[EventDate "2018.10.20"]

1. d4 d5 2. c4 c6 3. cxd5 cxd5 4. Bg5 Nf6 5. Bxf6 gxf6 6. Nc3 f5 7. e3 e6 8. Rc1
Nc6 9. Bd3 Bd6 10. Nge2 Bd7 11. a3 Rc8 12. Na4 Qg5 13. g3 Qg4 14. Nc5 Rc7 15.
Bb5 Qf3 16. O-O Ke7 17. Nxd7 Kxd7 18. Qa4 h5 19. Nc3 Qg4 20. Be2 Qh3 21. Bf3 h4
22. Bg2 Qg4 23. Nb5 hxg3 24. hxg3 Rcc8 25. Nxd6 Kxd6 26. Rc3 Rc7 27. Rfc1 a6 28.
Qb3 Rhc8 29. Qb6 Qe2 30. Bf1 Qh5 31. b4 Rh8 32. Bg2 Rd7 33. Qc5+ Kc7 34. a4 Kd8
35. b5 axb5 36. axb5 Nb8 37. Qa3 Ke8 38. Rc8+ Rd8 39. Rxd8+ Kxd8 40. Qd6+ Nd7
41. Ra1 Qh2+ 42. Kf1 Qh1+ 43. Bxh1 Rxh1+ 44. Kg2 Rxa1 45. Qb4 b6 46. f3 Ra2+ 47.
Kh3 Ke8 48. Qc3 Kd8 49. Qe1 Rb2 50. Qf1 Nf6 51. Qa1 Rb3 52. Qa8+ Ke7 53. Qc6 Nd7
54. e4 fxe4 55. fxe4 dxe4 56. d5 exd5 57. Qxd5 Rb4 58. Kg2 f6 59. Kf2 Nc5 60.
Qc6 Rb2+ 61. Ke3 Rb3+ 62. Kd2 Rd3+ 63. Ke2 Rd6 64. Qc7+ Ke6 65. g4 Kd5 66. Ke3
Re6 67. Qh2 Kc4 68. Qe2+ Kb4 69. Qb2+ 1/2-1/2

[Event "Isle of Man Open"]
[Site "Douglas"]
[Date "23.10.2018"]
[Round "4.48"]
[White "Erenberg, Ariel"]
[Black "Prithu, Gupta"]
[Result "1/2-1/2"]
[WhiteTitle "IM"]
[BlackTitle "IM"]
[WhiteElo "2407"]
[BlackElo "2458"]
[WhiteFideId "2811634"]
[BlackFideId "46618546"]
[EventDate "2018.10.20"]

1. d4 d5 2. c4 e6 3. Nc3 a6 4. cxd5 exd5 5. Nf3 Nf6 6. Bg5 Be6 7. e3 Nbd7 8. Bd3
Bd6 9. O-O c6 10. h3 Qc7 11. Ne2 Nh5 12. Qd2 h6 13. Bf4 g5 14. Bxd6 Qxd6 15. b4
g4 16. hxg4 Bxg4 17. Nh2 Bxe2 18. Qxe2 Nhf6 19. a4 h5 20. b5 h4 21. bxc6 bxc6
22. Rfc1 c5 23. Bf5 h3 24. g3 c4 25. e4 dxe4 26. Bxe4 Qe6 27. Bf3 Rc8 28. Ra3
Qxe2 29. Bxe2 a5 30. Rxc4 Ke7 31. g4 Nb6 32. Rc5 Rxc5 33. dxc5 Nbd5 34. Bf1 Nf4
35. Re3+ Ne6 36. c6 Nd5 37. Rb3 Nb4 38. Bxh3 Nc5 39. Re3+ Kd6 40. Bg2 Nxc6 41.
Nf3 Rg8 42. g5 Nxa4 43. Nd2 Nc5 44. Nc4+ Kc7 45. Rf3 Rxg5 46. Rxf7+ Nd7 47. f4
Rc5 48. Bh3 Rxc4 49. Bxd7 Nd8 50. Be6+ Nxf7 51. Bxc4 Nd6 52. Bb3 Kb6 53. Kf2 Kc5
54. Ke3 Kb4 1/2-1/2

[Event "Isle of Man Open"]
[Site "Douglas"]
[Date "23.10.2018"]
[Round "4.49"]
[White "Williams, Simon K"]
[Black "Pranav, Anand"]
[Result "1/2-1/2"]
[WhiteTitle "GM"]
[BlackTitle "FM"]
[WhiteElo "2457"]
[BlackElo "2269"]
[WhiteFideId "404454"]
[BlackFideId "46626786"]
[EventDate "2018.10.20"]

1. Nf3 Nf6 2. c4 e6 3. b3 d5 4. e3 Be7 5. Bb2 O-O 6. Nc3 c5 7. cxd5 exd5 8. d4
Nc6 9. Be2 Bf5 10. O-O Rc8 11. dxc5 Bxc5 12. Nb5 Ne4 13. Rc1 Re8 14. Nbd4 Bd7
15. a3 a6 16. b4 Bxd4 17. Nxd4 Ne5 18. Nf3 Nxf3+ 19. Bxf3 Rxc1 20. Qxc1 Bb5 21.
Rd1 Bc4 22. Bxe4 Rxe4 23. f3 Re8 24. Rd4 Qe7 25. Kf2 Rc8 26. Rxd5 Bxd5 27. Qxc8+
Qf8 28. Qc3 f6 29. e4 Be6 30. g4 Qc8 31. Qd2 Qc7 32. Kg2 Kf7 33. Bd4 Qc4 34. h4
Qc6 35. Kg3 Qd7 36. Qe3 Qc7+ 37. e5 f5 38. Qf4 Qd7 39. Bc5 Ke8 40. Bd6 Qf7 41.
g5 Qd7 42. Qd4 Qc6 43. Qa7 f4+ 44. Kxf4 Qc1+ 45. Qe3 Qxe3+ 46. Kxe3 g6 47. Kd4
Kd7 48. Kc5 Bf5 49. a4 Be6 50. a5 Kc8 51. b5 axb5 52. Kxb5 Kd7 53. Kc5 Bb3 54.
Bb8 Ke6 55. f4 Bc2 56. Kb6 Be4 57. Kc7 Kf7 58. f5 gxf5 59. Kd6 f4 60. e6+ Ke8
61. h5 f3 62. Ba7 Bd3 63. Bc5 Be2 64. Ke5 Bd3 65. Be3 Bc2 66. Bf2 Bd3 67. Bc5
Bc2 68. Kf4 Bd1 69. g6 hxg6 70. hxg6 Bb3 71. Ke5 Bc2 72. Kf6 Bd3 73. Kg7 Bc4 74.
e7 f2 75. Bxf2 Kxe7 76. Kh8 Kd7 77. g7 Kc7 78. Bg3+ Kc6 79. Bf2 Kc7 80. g8=Q
Bxg8 81. Kxg8 Kb8 82. Kf7 Ka8 83. Ke6 Kb8 84. Kd6 Ka8 85. Bc5 Kb8 86. Kd7 Ka8
87. Bd6 Ka7 88. Bc7 Ka8 89. Kc8 b6 90. axb6 1/2-1/2

[Event "Isle of Man Open"]
[Site "Douglas"]
[Date "23.10.2018"]
[Round "4.50"]
[White "Kolbus, Dietmar"]
[Black "Ganguly, Surya Shekhar"]
[Result "0-1"]
[WhiteTitle "IM"]
[BlackTitle "GM"]
[WhiteElo "2313"]
[BlackElo "2622"]
[WhiteFideId "4610628"]
[BlackFideId "5002150"]
[EventDate "2018.10.20"]

1. c4 e5 2. Nc3 Nf6 3. Nf3 Nc6 4. e3 Bb4 5. Qc2 d6 6. Nd5 Ba5 7. a3 Nxd5 8. cxd5
Ne7 9. Bb5+ Bd7 10. Bxd7+ Qxd7 11. b4 Bb6 12. Qc4 c6 13. dxc6 bxc6 14. d3 d5 15.
Qc2 f6 16. O-O O-O 17. e4 Ng6 18. Be3 f5 19. exd5 cxd5 20. Bxb6 axb6 21. Rfc1
Rac8 22. Qd2 Rce8 23. a4 e4 24. Nd4 f4 25. f3 Ne5 26. dxe4 dxe4 27. fxe4 f3 28.
Qa2+ Kh8 29. Nxf3 Nxf3+ 30. gxf3 Rxf3 31. Rd1 Qg4+ 32. Qg2 Qxe4 33. Kh1 Qf4 34.
Rg1 Qf8 35. a5 b5 36. a6 Rf2 37. Raf1 Rxf1 38. Rxf1 Qxb4 39. Qc6 Rg8 40. a7 Qa4
41. Qb7 h6 42. Rb1 Rf8 43. Qxb5 Qxa7 44. Qd5 Qe7 45. Qg2 Qf6 46. Rg1 Rb8 47. Rf1
Qe5 48. Qg3 Qe4+ 49. Qf3 Qe7 50. Qf7 Qd8 51. Qf3 Rc8 52. Qf5 Qc7 53. Qf7 Qb6 54.
Qf2 Rc5 55. Qf8+ Kh7 56. Qf3 Rg5 57. Qe4+ Rg6 58. Qf3 Qc5 59. Qf5 Qe3 60. Rd1
Qb6 61. Rf1 Qd8 62. Re1 Qb6 63. Rf1 Qb7+ 64. Qf3 Qb5 65. Qf5 Qe8 66. Qf3 Rg5 67.
Rg1 Re5 68. Qb7 Qf8 69. Qg2 Kh8 70. Rf1 Qe7 71. Qf3 Qe6 72. Qf8+ Kh7 73. Qf3 h5
74. Qd3+ Kh6 75. Qf3 Rg5 76. Qf4 Qc6+ 77. Qf3 Qg6 78. Qf4 Kh7 79. Qf3 Rg4 80.
Qd5 Rg5 81. Qf3 h4 82. Qh3 Qe4+ 83. Qf3 Qe6 84. Qf4 Kg6 85. Qf3 Kh6 86. Qf4 h3
87. Qf3 Kh7 88. Rg1 Re5 89. Rf1 Re1 90. Rg1 g6 91. Qb7+ Kh6 92. Qf3 g5 93. Qf8+
Kh5 94. Qf3+ g4 0-1

[Event "Isle of Man Open"]
[Site "Douglas"]
[Date "23.10.2018"]
[Round "4.51"]
[White "Bellon Lopez, Juan Manuel"]
[Black "Christiansen, Johan-Sebastian"]
[Result "0-1"]
[WhiteTitle "GM"]
[BlackTitle "IM"]
[WhiteElo "2342"]
[BlackElo "2541"]
[WhiteFideId "2200031"]
[BlackFideId "1512668"]
[EventDate "2018.10.20"]

1. d4 Nf6 2. Bg5 Ne4 3. h4 c5 4. dxc5 d5 5. Nd2 Nxc5 6. e4 f6 7. Be3 d4 8. Qh5+
g6 9. Qxc5 e5 10. Qd5 dxe3 11. Qxd8+ Kxd8 12. fxe3 Bc5 13. Kf2 f5 14. Nb3 Bb6
15. Rd1+ Ke7 16. exf5 Bxf5 17. Bd3 e4 18. Be2 Rf8 19. Nd4 Nc6 20. Ke1 Nxd4 21.
exd4 Bc7 22. g4 Be6 23. Nh3 Bg3+ 24. Kd2 Bxh4 25. Ke3 Rad8 26. c4 h5 27. gxh5
Bxh3 28. Rxh3 Bg5+ 29. Kxe4 Rf4+ 30. Ke5 Kd7 31. Bd3 Re8+ 32. Kd5 Bf6 0-1

[Event "Isle of Man Open"]
[Site "Douglas"]
[Date "23.10.2018"]
[Round "4.52"]
[White "Strunski, Andreas"]
[Black "Schneider, Ilja"]
[Result "0-1"]
[WhiteTitle "IM"]
[BlackTitle "IM"]
[WhiteElo "2306"]
[BlackElo "2507"]
[WhiteFideId "24606073"]
[BlackFideId "4663306"]
[EventDate "2018.10.20"]

1. d4 d5 2. c4 c6 3. Nc3 Nf6 4. Nf3 a6 5. a4 e6 6. g3 c5 7. Bg2 dxc4 8. O-O Nc6
9. Ne5 Na5 10. dxc5 Qxd1 11. Rxd1 Bxc5 12. Bf4 Ke7 13. Rac1 Nb3 14. Rc2 Nd4 15.
Rcd2 Nb3 16. Bxb7 Bxb7 17. Rd7+ Nxd7 18. Rxd7+ Ke8 19. Rxb7 Na5 20. Rxf7 Ra7 21.
Rxa7 Bxa7 22. Ne4 Bb8 23. h4 Rf8 24. Nd2 Ke7 25. Bg5+ Kd6 26. Nexc4+ Nxc4 27.
Nxc4+ Kd5 28. Ne3+ Ke4 29. Kg2 h6 30. Be7 Rc8 31. b3 Rc3 32. b4 Ba7 33. Bf8 Bxe3
34. fxe3 Rc7 35. Bc5 a5 36. Bd6 Rd7 37. Bc5 Kd5 0-1

[Event "Isle of Man Open"]
[Site "Douglas"]
[Date "23.10.2018"]
[Round "4.53"]
[White "L'Ami, Alina"]
[Black "Anurag, Mhamal"]
[Result "0-1"]
[WhiteTitle "IM"]
[BlackTitle "GM"]
[WhiteElo "2296"]
[BlackElo "2495"]
[WhiteFideId "1210246"]
[BlackFideId "5024366"]
[EventDate "2018.10.20"]

1. d4 Nf6 2. c4 g6 3. Nc3 Bg7 4. e4 d6 5. h3 O-O 6. Bg5 Na6 7. Bd3 e5 8. d5 Qe8
9. Nge2 Nd7 10. a3 f5 11. b4 f4 12. f3 Bf6 13. Bxf6 Nxf6 14. c5 Nb8 15. Rc1 Qe7
16. Nb5 a6 17. cxd6 cxd6 18. Nbc3 Nbd7 19. Qb3 Nh5 20. Nd1 Qg5 21. Rg1 Ndf6 22.
a4 Ng3 23. Nf2 Bd7 24. b5 a5 25. Rc7 Bc8 26. Qa3 Ne8 27. Rc2 Qd8 28. Qc1 Bd7 29.
Nxg3 fxg3 30. Ng4 Bxg4 31. hxg4 Qb6 32. Rh1 Nf6 33. Rh3 Nxe4 34. Qh6 Qg1+ 35.
Bf1 Nf6 36. g5 Qe3+ 37. Be2 Rfc8 38. gxf6 Qf2+ 39. Kd2 Rxc2+ 40. Kxc2 Qxe2+ 41.
Kb3 Qd1+ 42. Ka3 Qa1+ 43. Kb3 Qb1+ 44. Ka3 Qb4+ 45. Ka2 Qxa4+ 46. Kb2 Qxb5+ 47.
Ka3 Qc5+ 48. Kb2 Qd4+ 49. Kb1 Qg1+ 50. Qc1 Qxc1+ 51. Kxc1 h5 52. Rxg3 Kf7 53. f4
exf4 54. Rb3 Rc8+ 55. Kd2 Rc5 56. Rxb7+ Kxf6 0-1

[Event "Isle of Man Open"]
[Site "Douglas"]
[Date "23.10.2018"]
[Round "4.54"]
[White "Unuk, Laura"]
[Black "Khmelniker, Ilya"]
[Result "1/2-1/2"]
[WhiteTitle "WIM"]
[BlackTitle "GM"]
[WhiteElo "2272"]
[BlackElo "2492"]
[WhiteFideId "14609215"]
[BlackFideId "2805340"]
[EventDate "2018.10.20"]

1. Nf3 Nf6 2. c4 b6 3. g3 Bb7 4. d4 e6 5. Bg2 Be7 6. O-O O-O 7. Re1 d5 8. cxd5
exd5 9. Nc3 Na6 10. Bf4 c5 11. Rc1 Qd7 12. Ne5 Qe6 13. e4 dxe4 14. Nxe4 Nxe4 15.
Bxe4 Bxe4 16. Rxe4 Qd5 17. Qe2 cxd4 18. Nc6 Bc5 19. Rxc5 Qxc5 20. Ne7+ Kh8 21.
Qxa6 Rad8 22. Qd3 f6 23. Bd2 f5 24. Re6 Rde8 25. Qe2 d3 26. Qe1 Rd8 27. Re5 Qc2
28. Nxf5 Qxb2 29. Nxg7 Rc8 30. Nh5 Qd4 31. Re7 a5 32. Nf4 Qf6 33. Qe4 Qf5 34.
Qd4+ Qf6 35. Qe4 Qf5 36. Qd4+ Qf6 37. Rd7 Qxd4 38. Rxd4 Rfd8 39. Rxd3 Rxd3 40.
Nxd3 Rc2 41. Be3 b5 42. Nc1 Kg7 43. Kg2 Kf6 44. Kf3 Ke5 45. Kg4 b4 46. Kh5 Rc6
47. g4 Ke4 48. Nb3 a4 49. Nc5+ Kf3 50. Nxa4 Ra6 51. Nc5 Rxa2 52. g5 Ra7 53. h4
Rc7 54. Ne6 Rc4 55. Nd4+ Ke4 56. Nb3 Kd3 57. Na5 Re4 58. Bc5 Kc3 59. Bd6 Re6 60.
Bf8 Re4 61. Bg7+ Kd3 62. g6 hxg6+ 63. Kg5 Re2 64. Nc6 b3 65. Ne5+ Ke4 66. f3+
Ke3 67. Nxg6 Kxf3 68. h5 b2 69. Bxb2 Rxb2 70. h6 Rb7 71. Kf6 Rh7 72. Ne5+ Ke2
73. Kg6 Rxh6+ 1/2-1/2

[Event "Isle of Man Open"]
[Site "Douglas"]
[Date "23.10.2018"]
[Round "4.55"]
[White "Wall, Tim P"]
[Black "Henderson de La Fuente, Lance"]
[Result "0-1"]
[WhiteTitle "FM"]
[BlackTitle "IM"]
[WhiteElo "2253"]
[BlackElo "2484"]
[WhiteFideId "401641"]
[BlackFideId "32096585"]
[EventDate "2018.10.20"]

1. d4 e6 2. e4 d5 3. e5 c5 4. c3 Qb6 5. Nf3 Nc6 6. Bd3 Bd7 7. dxc5 Bxc5 8. O-O
a5 9. Qe2 Nge7 10. a4 f6 11. exf6 gxf6 12. Nd4 Nxd4 13. cxd4 Bxd4 14. Qh5+ Kd8
15. Nc3 e5 16. Nb5 Bc5 17. Bd2 Qe6 18. Rac1 b6 19. h3 e4 20. Bb1 Qe5 21. Qxe5
fxe5 22. Bc3 Rg8 23. Bxe5 Bxh3 24. Kh2 Bxg2 25. Rg1 Bf3 26. Rxg8+ Nxg8 27. Rg1
Ne7 28. Nd4 Kd7 29. Nxf3 exf3 30. Rg7 Ke6 31. Bg3 Nf5 32. Rxh7 Nxg3 33. Kxg3
Rg8+ 34. Kxf3 Rf8+ 35. Kg4 Rxf2 36. Rh6+ Ke7 37. Ba2 Rxb2 38. Rh7+ Kf6 39. Bxd5
Rb4+ 40. Kf3 Rxa4 41. Bc6 Rb4 42. Ra7 Ke5 43. Ke2 Kd4 44. Rd7+ Kc4 45. Rd3 a4
46. Be8 Bd4 47. Bf7+ Kc5 48. Rh3 Bf6 49. Rf3 Be5 50. Rf5 Kd4 51. Rf3 Rb2+ 52.
Kd1 Bd6 53. Rf6 Kc5 54. Rf3 Kb4 55. Rf6 Bc5 56. Rf4+ Ka5 57. Be8 b5 58. Rf5 a3
59. Bf7 Bb4 0-1

[Event "Isle of Man Open"]
[Site "Douglas"]
[Date "23.10.2018"]
[Round "4.56"]
[White "Kolosowski, Mateusz"]
[Black "Mortazavi, Ali"]
[Result "1-0"]
[WhiteTitle "IM"]
[BlackTitle "IM"]
[WhiteElo "2448"]
[BlackElo "2353"]
[WhiteFideId "1129708"]
[BlackFideId "401323"]
[EventDate "2018.10.20"]

1. d4 Nf6 2. c4 g6 3. Nc3 Bg7 4. g3 O-O 5. Bg2 d6 6. Nf3 c6 7. O-O Qb6 8. b3 Qa5
9. Qd2 Qh5 10. Qg5 Na6 11. Qxh5 Nxh5 12. Ba3 f5 13. e3 h6 14. Rac1 Nc7 15. Rfd1
g5 16. h3 Nf6 17. Ne1 f4 18. exf4 gxf4 19. g4 Nh7 20. Nf3 h5 21. g5 Bf5 22. Re1
Rf7 23. Rcd1 Nf8 24. Ne4 Ng6 25. Kh2 Rd8 26. Bb2 Kf8 27. Rd2 b6 28. Nc3 d5 29.
Ne5 Bxe5 30. dxe5 e6 31. Ne4 Bxe4 32. Bxe4 Nh4 33. g6 Rfd7 34. Red1 Ke8 35. Kh1
Rg7 36. Bc2 Nxg6 37. Rg1 Kf7 38. Bd1 Rh8 39. Rg5 Nh4 40. Bxh5+ Rxh5 41. Rxh5 Nf3
42. Rd1 Na6 43. Rh6 Nc5 44. Rf6+ Ke8 45. Rxf4 Ng5 46. Kh2 Nce4 47. h4 Rh7 48.
Kg2 Nf7 49. f3 Rg7+ 50. Kh2 Nc5 51. cxd5 cxd5 52. b4 Nd7 53. Rc1 Kd8 54. Rg1 Rh7
55. Rg8+ Ke7 56. Ra8 Nfxe5 57. Bxe5 Nxe5 58. Rxa7+ Nd7 59. Kg3 Kd6 60. Rg4 Rh6
61. Rg5 d4 62. h5 Nf6 63. Kh4 Nd5 64. Rg4 Nf6 65. Rxd4+ Ke5 66. Rc4 Rxh5+ 67.
Kg3 Rg5+ 68. Kf2 Nd5 69. a4 b5 70. axb5 Rg8 71. Re4+ Kf5 72. Rf7+ Nf6 73. Rc4
Ke5 74. b6 Ne8 75. Rc8 1-0

[Event "Isle of Man Open"]
[Site "Douglas"]
[Date "23.10.2018"]
[Round "4.57"]
[White "Merry, Alan B"]
[Black "Sahl, Bjarke"]
[Result "1-0"]
[WhiteTitle "IM"]
[BlackTitle "IM"]
[WhiteElo "2435"]
[BlackElo "2322"]
[WhiteFideId "418811"]
[BlackFideId "1400231"]
[EventDate "2018.10.20"]

1. c4 c5 2. Nf3 Nf6 3. Nc3 Nc6 4. d4 cxd4 5. Nxd4 g6 6. e4 Bg7 7. Be3 O-O 8. Be2
b6 9. O-O Bb7 10. f3 Rc8 11. Qd2 Nh5 12. Rfd1 Ne5 13. b3 f5 14. f4 Ng4 15. e5
Qe8 16. Bf3 Bxf3 17. Nxf3 Nxe3 18. Qxe3 d6 19. Rd3 dxe5 20. Nxe5 Nf6 21. Rad1 e6
22. Nb5 Qe7 23. Nd7 Ng4 24. Qe2 Rfd8 25. h3 a6 26. hxg4 axb5 27. cxb5 fxg4 28.
Qxg4 Re8 29. Kh2 Rc2 30. Nxb6 Rxa2 31. Rd7 Qf6 32. Nc4 Bh6 33. R1d4 Rf2 34. Kg3
Rc2 35. Ne5 Rf8 36. Nf3 Rc3 37. b4 e5 38. fxe5 Qxe5+ 39. Kh3 Qxb5 40. Rd8 Qf5
41. Qxf5 gxf5 42. Rxf8+ Bxf8 43. b5 Rc5 44. Rb4 Rc1 45. Rb3 Bd6 46. g3 Kf7 47.
b6 Ke6 48. Nd4+ Kd7 49. Nxf5 Bb8 50. Kh4 Kc6 51. b7 Rd1 52. Kg5 Rd7 53. g4 Rxb7
54. Nd4+ 1-0

[Event "Isle of Man Open"]
[Site "Douglas"]
[Date "23.10.2018"]
[Round "4.58"]
[White "Paramzina, Anastasya"]
[Black "Ladron De Guevara Pinto, Paolo"]
[Result "1/2-1/2"]
[WhiteTitle "WGM"]
[BlackTitle "IM"]
[WhiteElo "2243"]
[BlackElo "2427"]
[WhiteFideId "4165012"]
[BlackFideId "2290847"]
[EventDate "2018.10.20"]

1. e4 e5 2. Nf3 Nc6 3. Bc4 Nf6 4. d3 Bc5 5. O-O O-O 6. Re1 h6 7. c3 d6 8. Nbd2
a5 9. a4 Be6 10. Qb3 Qd7 11. Nf1 Rfe8 12. Ne3 Bxc4 13. Qxc4 Bxe3 14. Bxe3 d5 15.
exd5 Nxd5 16. Re2 Rad8 17. Rae1 Nf6 18. Qb5 Re6 19. d4 e4 20. Nd2 b6 21. f3 exf3
22. Nxf3 Rde8 23. Bf4 Rxe2 24. Rxe2 Rxe2 25. Qxe2 Nd5 26. Bg3 Nd8 27. c4 Nf6 28.
d5 Nb7 29. Be5 Ne8 30. b3 Qf5 31. Nd4 Qb1+ 32. Qf1 Qe4 33. Qe2 Qb1+ 34. Qf1 Qe4
35. Qe2 Qb1+ 36. Qf1 Qe4 37. Qe2 1/2-1/2

[Event "Isle of Man Open"]
[Site "Douglas"]
[Date "23.10.2018"]
[Round "4.59"]
[White "Byron, Alan M"]
[Black "Fenil, Shah"]
[Result "1/2-1/2"]
[BlackTitle "IM"]
[WhiteElo "2136"]
[BlackElo "2411"]
[WhiteFideId "401773"]
[BlackFideId "5019850"]
[EventDate "2018.10.20"]

1. e4 c5 2. Nf3 e6 3. d4 cxd4 4. Nxd4 Nc6 5. Nc3 Qc7 6. f4 a6 7. Nxc6 Qxc6 8.
Bd3 b5 9. Qe2 Bb7 10. Bd2 Bc5 11. O-O-O Ne7 12. a3 O-O-O 13. Rhe1 h5 14. g3 f6
15. Kb1 Kb8 16. Na2 Ka8 17. Rc1 f5 18. e5 Rb8 19. c4 Qb6 20. cxb5 Nd5 21. Ba5
Qxa5 22. Rxc5 Bc6 23. Rec1 axb5 24. Nc3 Nxc3+ 25. R1xc3 Qb6 26. h4 b4 27. axb4
Qxb4 28. Bxf5 Rb6 29. Bd3 Rhb8 30. Kc1 R8b7 31. Ra3+ Kb8 32. Rc2 Ba4 33. Rc4 Rc6
34. Rxc6 Bxc6 35. Rc3 Qd4 36. Qxh5 Qe3+ 37. Kc2 Qf2+ 38. Qe2 Qb6 39. Kc1 Qg1+
40. Kc2 Ba4+ 41. b3 Qa1 42. Bc4 Bc6 43. Kd3 Ra7 44. Rc2 Qh1 45. Qe3 Ra1 46. Kc3
Kb7 47. Bd3 Qd5 1/2-1/2

[Event "Isle of Man Open"]
[Site "Douglas"]
[Date "23.10.2018"]
[Round "4.60"]
[White "Gaponenko, Inna"]
[Black "Vaishali, R"]
[Result "1/2-1/2"]
[WhiteTitle "IM"]
[BlackTitle "WIM"]
[WhiteElo "2409"]
[BlackElo "2313"]
[WhiteFideId "14101181"]
[BlackFideId "5091756"]
[EventDate "2018.10.20"]

1. e4 c6 2. d4 d5 3. e5 Bf5 4. Nf3 e6 5. Be2 c5 6. c3 Nc6 7. O-O Bg6 8. Qa4 a6
9. c4 dxc4 10. dxc5 Bxc5 11. Qxc4 Ba7 12. Nc3 Nge7 13. Bg5 O-O 14. Rad1 Qc7 15.
Rd6 Nf5 16. Rd2 b5 17. Qf4 h6 18. Bh4 Bb8 19. Bg3 Nxg3 20. hxg3 Nxe5 21. Rfd1
Nxf3+ 22. Qxf3 Ba7 23. Rd7 Qe5 24. Bd3 Bb6 25. Qc6 Bxd3 26. Qxb6 Bg6 27. Qd4
Qxd4 28. R1xd4 Rfc8 29. a4 Rc5 30. g4 bxa4 31. Rxa4 a5 32. f3 Bc2 33. Rad4 a4
34. Rd8+ Rxd8 35. Rxd8+ Kh7 36. Ra8 Rc4 37. Ra5 g5 38. Kf2 f5 39. gxf5 exf5 40.
Ke3 Kg6 41. Ra6+ Kg7 42. Ra7+ Kg6 43. Ra6+ Kg7 1/2-1/2